Microelectronic circuit design / (Record no. 10163)

000 -LEADER
fixed length control field 01035 a2200253 4500
020 ## - INTERNATIONAL STANDARD BOOK NUMBER
International Standard Book Number 0072320990
020 ## - INTERNATIONAL STANDARD BOOK NUMBER
International Standard Book Number 0072505036 (text and CD)
020 ## - INTERNATIONAL STANDARD BOOK NUMBER
International Standard Book Number 0071232494 (ISE)
090 ## - LOCALLY ASSIGNED LC-TYPE CALL NUMBER (OCLC); LOCAL CALL NUMBER (RLIN)
-- 6332
-- 6332
100 1# - MAIN ENTRY--PERSONAL NAME
Personal name Jaeger, Richard C.
245 10 - TITLE STATEMENT
Title Microelectronic circuit design /
Statement of responsibility, etc. Richard C. Jaeger, Travis N. Blalock.
250 ## - EDITION STATEMENT
Edition statement 2nd ed.
260 ## - PUBLICATION, DISTRIBUTION, ETC.
Place of publication, distribution, etc. Dubuque, Iowa :
Name of publisher, distributor, etc. McGraw-Hill,
Date of publication, distribution, etc. 2003.
300 ## - PHYSICAL DESCRIPTION
Extent xxv, 1506 p. :
Other physical details ill. (some col.) ;
Dimensions 27 cm.+
Accompanying material 1CD-ROM (4 3/4 in.)
490 1# - SERIES STATEMENT
Series statement McGraw-Hill electronics and VLSI circuits series.
500 ## - GENERAL NOTE
General note Includes index.
538 ## - SYSTEM DETAILS NOTE
System details note System requirements: Intel Pentium 90MHz or equivalent processor; 16MB RAM (32MB recommended), 90MB free hard disk space; Windows 98 or NT; CD-ROM drive.
650 #0 - SUBJECT ADDED ENTRY--TOPICAL TERM
Topical term or geographic name entry element Integrated circuits
General subdivision Design and construction.
650 #0 - SUBJECT ADDED ENTRY--TOPICAL TERM
Topical term or geographic name entry element Semiconductors
General subdivision Design and construction.
650 #0 - SUBJECT ADDED ENTRY--TOPICAL TERM
Topical term or geographic name entry element Electronic circuit design.
700 1# - ADDED ENTRY--PERSONAL NAME
Personal name Blalock, Travis N.
830 #0 - SERIES ADDED ENTRY--UNIFORM TITLE
Uniform title McGraw-Hill series in electrical and computer engineering.
942 ## - ADDED ENTRY ELEMENTS (KOHA)
Koha item type Book
Call number prefix 621.3815 JAE
Holdings
Withdrawn status Lost status Source of classification or shelving scheme Damaged status Not for loan Permanent Location Current Location Date acquired Total Checkouts Full call number Barcode Date last seen Date last checked out Price effective from Koha item type
          Central Library (CL) Central Library (CL) 11/14/2012 1 621.3815 JAE SEECSD01362 02/19/2020 09/03/2019 11/14/2012 Book
© 2023 Central Library, National University of Sciences and Technology. All Rights Reserved.